Music Quiz

Random Music or Artist Quiz

Every UK No-1 Single of 2013 Quiz Stats

 Plays Quiz not verified by Sporcle

Support Sporcle.
Go Orange.
Score 0/31 Timer 06:00
0 Plays Today
Artist Single % Correct
Daft Punk feat Pharrell WilliamsGet Lucky
98.5%
Macklemore & Ryan Lewis feat WanzThrift Shop
97%
Miley CyrusWrecking Ball
97%
Justin TimberlakeMirrors
95.5%
Robin Thicke feat T.I & Pharrell WilliamsBlurred Lines
95.5%
Katy PerryRoar
95.5%
AviciiWake Me Up
94%
One RepublicCounting Stars
94%
LordeRoyals
94%
Miley CyrusWe Can't Stop
92.5%
Pharrell WilliamsHappy
91%
Ellie GouldingBurn
89.6%
Naughty Boy feat Sam SmithLa La La
88.1%
Eminem feat RihannaThe Monster
86.6%
Will I Am feat Britney SpearsScream & Shout
85.1%
Icona PopI Love It
85.1%
Artist Single % Correct
John NewmanLove Me Again
85.1%
Martin GarrixAnimals
85.1%
James ArthurImpossible
83.6%
Jason Derulo feat 2 ChainzTalk Dirty
83.6%
Calvin Harris & Alesso feat HurtsUnder Control
82.1%
One DirectionOne Way or Another (Teenage Kicks)
80.6%
Rudimental feat Ella EyreWaiting All Night
80.6%
Storm QueenLook Right Through
80.6%
The Saturday's feat Sean PaulWhat About Us?
79.1%
PJ & DuncanLet's Get Ready to Rhumble
79.1%
Duke Dumont feat A.M.ENeed U (100%)
79.1%
Sam BaileySkyscraper
79.1%
Avicii vs Nicky RomeroI Could Be the One
76.1%
Lily AllenSomewhere Only We Know
76.1%
Bingo Players feat Far East MovementGet Up (Rattle)
74.6%

You're not logged in!

Compare scores with friends on all Sporcle quizzes.
OR
Log In

From the Vault

'#' TV Shows by Picture

by livicj5

There aren't many TV shows that start with a number, but who's counting?
Remove Ads.
Support Sporcle.
Get the best of Sporcle when you Go Orange. This ad-free experience offers more features, more stats, and more fun while also helping to support Sporcle. Thank you for becoming a member.

Show Comments

Extras

Created Dec 29, 2013ReportNominate
Tags:Artist Quiz, 2013, Single

Top Quizzes Today


Score Distribution

Your Account Isn't Verified!

In order to create a playlist on Sporcle, you need to verify the email address you used during registration. Go to your Sporcle Settings to finish the process.

Report this User

Report this user for behavior that violates our Community Guidelines.

Details: